000 00855nam a22002657a 4500
003 DO-SdBNP
005 20210427121334.0
008 171101b 1987 dr 00| 0 spa d
020 _a8484000222
040 _aBPMSU
_bspa
_cBPMSU
082 _a972.9304
_bA669h
_222
100 1 _aArchambault, Pedro María,
_d1862-1944
245 1 0 _aHistoria de la restauración /
_cPedro María Archambault
250 _a5a ed.
260 _aSanto Domingo :
_bTaller,
_c1987
300 _a352 p. :
_bil., retrs. ;
_c21 cm.
490 0 _aBiblioteca Taller
_v20
500 _aIncluye datos biográficos del autor en la contracubierta
500 _aIncluye ídice
590 _6Inventariado, 2021/VM
651 4 _aRepública Dominicana
_xHistoria
_yRestauración*1863-1865
942 _2ddc
_cBK
945 _aInventariado, 2018 /LP
956 _aBTAVAREZ
_b10
_c20170111
_d0038
999 _c12745
_d12745